000 00757nam a2200265Ia 4500
001 Para_7626
003 CHAP
008 220125s1979 xx 000 0 und d
010 _a206520
040 _cCHAP
082 _aPA 632.7 P44
100 _aPedroza Sandoval, Aurelio
_986574
245 _aNotas del curso de plagas agrícolas /
_c por Aurelio Pedroza Sandoval
260 _aChapingo, Méx. :
_b UACh. Departamento de Zonas Aridas
300 _ac.a. 220 h.
650 _aAgricultura
_x plagas
_91764
710 _aUACh. Departamento de Zonas Aridas
901 _aPA 632.7 P44
902 _aA
905 _a0000001979 0000000000 00
910 _a1979
942 _cPARA
942 _cPARA
_d1
999 _c206520
_d206520